<?xml version="1.0" encoding="UTF-8"?>
<record
    xmlns:xsi="http://www.w3.org/2001/XMLSchema-instance"
    xsi:schemaLocation="http://www.loc.gov/MARC21/slim http://www.loc.gov/standards/marcxml/schema/MARC21slim.xsd"
    xmlns="http://www.loc.gov/MARC21/slim">

  <leader>00642nam a2200229   4500</leader>
  <controlfield tag="005">20251210071349.0</controlfield>
  <controlfield tag="006">000</controlfield>
  <controlfield tag="007">000</controlfield>
  <controlfield tag="008">000</controlfield>
  <datafield tag="020" ind1=" " ind2=" ">
    <subfield code="a">9781071870631</subfield>
  </datafield>
  <datafield tag="040" ind1=" " ind2=" ">
    <subfield code="a">UOEL</subfield>
  </datafield>
  <datafield tag="050" ind1=" " ind2=" ">
    <subfield code="a">H62</subfield>
    <subfield code="b">C69 2023</subfield>
  </datafield>
  <datafield tag="100" ind1=" " ind2=" ">
    <subfield code="a">Creswell, John W.</subfield>
  </datafield>
  <datafield tag="245" ind1=" " ind2=" ">
    <subfield code="a">Research Design :</subfield>
    <subfield code="b">Qualitative, Quantitative, and mixed methods approaches /</subfield>
    <subfield code="c">by John W. Creswell and J. David Creswell</subfield>
  </datafield>
  <datafield tag="250" ind1=" " ind2=" ">
    <subfield code="a">6th ed.</subfield>
  </datafield>
  <datafield tag="260" ind1=" " ind2=" ">
    <subfield code="a">Los Angeles :</subfield>
    <subfield code="b">Sage,</subfield>
    <subfield code="c">c2023.</subfield>
  </datafield>
  <datafield tag="300" ind1=" " ind2=" ">
    <subfield code="a">xxvii, 291p. :</subfield>
  </datafield>
  <datafield tag="500" ind1=" " ind2=" ">
    <subfield code="a">includes bibliographical reference and index</subfield>
  </datafield>
  <datafield tag="650" ind1=" " ind2=" ">
    <subfield code="a">Research design</subfield>
  </datafield>
  <datafield tag="700" ind1=" " ind2=" ">
    <subfield code="a">Creswell J. David</subfield>
    <subfield code="e">author</subfield>
  </datafield>
  <datafield tag="942" ind1=" " ind2=" ">
    <subfield code="2">lcc</subfield>
    <subfield code="c">BK</subfield>
  </datafield>
  <datafield tag="999" ind1=" " ind2=" ">
    <subfield code="c">17910</subfield>
    <subfield code="d">17910</subfield>
  </datafield>
  <datafield tag="952" ind1=" " ind2=" ">
    <subfield code="0">0</subfield>
    <subfield code="1">0</subfield>
    <subfield code="2">lcc</subfield>
    <subfield code="4">0</subfield>
    <subfield code="7">0</subfield>
    <subfield code="a">UOE</subfield>
    <subfield code="b">UOE</subfield>
    <subfield code="d">2025-12-10</subfield>
    <subfield code="e">Purchase</subfield>
    <subfield code="g">9131.25</subfield>
    <subfield code="l">0</subfield>
    <subfield code="o">H62 C69 2023</subfield>
    <subfield code="p">20161484</subfield>
    <subfield code="r">2025-12-10 07:18:48</subfield>
    <subfield code="t">20161484</subfield>
    <subfield code="w">2025-12-10</subfield>
    <subfield code="y">SL2</subfield>
  </datafield>
  <datafield tag="952" ind1=" " ind2=" ">
    <subfield code="0">0</subfield>
    <subfield code="1">0</subfield>
    <subfield code="2">lcc</subfield>
    <subfield code="4">0</subfield>
    <subfield code="7">0</subfield>
    <subfield code="a">UOE</subfield>
    <subfield code="b">UOE</subfield>
    <subfield code="c">SHO</subfield>
    <subfield code="d">2025-12-10</subfield>
    <subfield code="e">Purchase</subfield>
    <subfield code="g">9131.25</subfield>
    <subfield code="l">0</subfield>
    <subfield code="o">H62 C69 2023</subfield>
    <subfield code="p">20161485</subfield>
    <subfield code="r">2026-04-27 09:23:22</subfield>
    <subfield code="t">20161485</subfield>
    <subfield code="w">2025-12-10</subfield>
    <subfield code="y">SL2</subfield>
  </datafield>
  <datafield tag="952" ind1=" " ind2=" ">
    <subfield code="0">0</subfield>
    <subfield code="1">0</subfield>
    <subfield code="2">lcc</subfield>
    <subfield code="4">0</subfield>
    <subfield code="7">0</subfield>
    <subfield code="a">UOE</subfield>
    <subfield code="b">UOE</subfield>
    <subfield code="c">SHO</subfield>
    <subfield code="d">2025-12-10</subfield>
    <subfield code="e">Purchase</subfield>
    <subfield code="g">9131.25</subfield>
    <subfield code="l">0</subfield>
    <subfield code="o">H62 C69 2023</subfield>
    <subfield code="p">20161486</subfield>
    <subfield code="r">2026-04-27 09:23:23</subfield>
    <subfield code="t">20161486</subfield>
    <subfield code="w">2025-12-10</subfield>
    <subfield code="y">SL2</subfield>
  </datafield>
  <datafield tag="952" ind1=" " ind2=" ">
    <subfield code="0">0</subfield>
    <subfield code="1">0</subfield>
    <subfield code="2">lcc</subfield>
    <subfield code="4">0</subfield>
    <subfield code="7">0</subfield>
    <subfield code="a">UOE</subfield>
    <subfield code="b">UOE</subfield>
    <subfield code="c">GEN</subfield>
    <subfield code="d">2025-12-10</subfield>
    <subfield code="e">Purchase</subfield>
    <subfield code="g">9131.25</subfield>
    <subfield code="l">3</subfield>
    <subfield code="o">H62 C69 2023</subfield>
    <subfield code="p">20161487</subfield>
    <subfield code="r">2026-04-27 11:29:06</subfield>
    <subfield code="s">2026-01-28</subfield>
    <subfield code="t">20161487</subfield>
    <subfield code="w">2025-12-10</subfield>
    <subfield code="y">LL</subfield>
  </datafield>
  <datafield tag="952" ind1=" " ind2=" ">
    <subfield code="0">0</subfield>
    <subfield code="1">0</subfield>
    <subfield code="2">lcc</subfield>
    <subfield code="4">0</subfield>
    <subfield code="7">0</subfield>
    <subfield code="a">UOE</subfield>
    <subfield code="b">UOE</subfield>
    <subfield code="c">GEN</subfield>
    <subfield code="d">2025-12-10</subfield>
    <subfield code="e">Purchase</subfield>
    <subfield code="g">9131.25</subfield>
    <subfield code="l">0</subfield>
    <subfield code="o">H62 C69 2023</subfield>
    <subfield code="p">20161488</subfield>
    <subfield code="r">2026-04-27 11:29:06</subfield>
    <subfield code="t">20161488</subfield>
    <subfield code="w">2025-12-10</subfield>
    <subfield code="y">LL</subfield>
  </datafield>
</record>
